| 000 | 00812nam a22002177a 4500 | ||
|---|---|---|---|
| 999 |
_c7244 _d7244 |
||
| 003 | AR-CdUCM | ||
| 008 | 190320b ||||| |||| 00| 0 spa d | ||
| 040 |
_aMUNICIPALIDAD PROVINCIAL DEL CUSCO _cBIBLIOTECA MUNICIPAL DEL CUSCO |
||
| 082 |
_a860.94 / _bR6 |
||
| 245 | _aRomanticismo español y latinoamericano / | ||
| 260 |
_aLima : _bStudium, _c1985. |
||
| 300 |
_a178 páginas ; _c17 cm. |
||
| 505 | _aContenido: Romanticismo en España -- Los poetas españoles -- antología -- Los poetas americanos -- Antología ... | ||
| 650 |
_aRomanticismo _9518 |
||
| 650 |
_aRomanticismo - España _96468 |
||
| 650 |
_aRomanticismo - Latinoamérica _920417 |
||
| 650 |
_aEspaña - América latina - Literatura _920418 |
||
| 700 |
_aCisneros, Luis Jaime (Edición) _920419 |
||
| 942 |
_2ddc _cLIBROS |
||
| 945 | _alccs | ||